[Event "Pfaeffikon Acrevis op 2nd"]
[Site "Pfaeffikon"]
[Date "2022.07.29"]
[Round "2"]
[White "Marzec, Witold"]
[Black "Wahl, Peter"]
[Result "0-1"]
[WhiteElo "1697"]
[BlackElo "1819"]
[PlyCount "104"]
[EventDate "2022.07.28"]
[EventType "swiss"]
[EventRounds "6"]
[EventCountry "SUI"]
[SourceTitle "EXT 2023"]
[Source "ChessBase"]
[SourceDate "2022.10.05"]
[SourceVersion "1"]
[SourceVersionDate "2022.10.05"]
[SourceQuality "1"]

1. d4 Nf6 2. c4 g6 3. Nf3 Bg7 4. g3 d5 5. cxd5 Nxd5 6. Nc3 0-0 7. Bg2 c5 8. e3 Nc6 9. Nxd5 Qxd5 10. Nh4 Qd6 11. d5 Rd8 12. e4 Nd4 13. 0-0 b5 14. a3 Bb7 15. Nf3 a5 16. Nxd4 Bxd4 17. Qc2 e5 18. Kh1 Kg7 19. f4 f6 20. fxe5 fxe5 21. Rf3 Rf8 22. Bd2 Rxf3 23. Bxf3 Rf8 24. Rf1 Bc8 25. Qc1 Rf7 26. Bh6+ Kg8 27. b3 b4 28. Bg2 Rxf1+ 29. Bxf1 bxa3 30. Qxa3 Qf6 31. Bg2 g5 32. Qxa5 Qxh6 33. Qd8+ Qf8 34. Qxg5+ Kh8 35. Qc1 Bg4 36. Qf1 Qxf1+ 37. Bxf1 Kg7 38. Kg2 Kf6 39. h3 Bd1 40. Bc4 Ke7 41. g4 Be3 42. Kg3 Bf4+ 43. Kh4 Bc2 44. Kh5 Bxe4 45. g5 Kd6 46. h4 Bd2 47. Kh6 Bg6 48. Kg7 Bf5 49. Kf7 e4 50. Kf6 Bg6 51. Kg7 e3 52. Kh6 Be4 0-1

[Event "Rhein Main op-A 24th"]
[Site "Bad Homburg"]
[Date "2022.06.16"]
[Round "3"]
[White "Westenthanner, Paul"]
[Black "Marzec, Witold"]
[Result "1-0"]
[WhiteElo "2043"]
[BlackElo "1696"]
[PlyCount "61"]
[EventDate "2022.06.15"]
[EventType "swiss"]
[EventRounds "7"]
[EventCountry "GER"]
[SourceTitle "EXT 2023"]
[Source "ChessBase"]
[SourceDate "2022.10.05"]
[SourceVersion "1"]
[SourceVersionDate "2022.10.05"]
[SourceQuality "1"]

1. d4 Nf6 2. Nf3 e6 3. g3 d5 4. Bg2 Be7 5. 0-0 0-0 6. c4 c6 7. Nbd2 Nbd7 8. Qc2 b6 9. b3 Bb7 10. Bb2 Rc8 11. Rac1 h6 12. Qb1 a5 13. Rfd1 Ba6 14. Ne5 Nxe5 15. dxe5 Nd7 16. e4 dxc4 17. Nxc4 Bxc4 18. Rxc4 Qc7 19. f4 Rfd8 20. Rcc1 b5 21. Kh1 c5 22. Bh3 Nb6 23. f5 Rxd1+ 24. Rxd1 exf5 25. Bxf5 Rd8 26. e6 Rxd1+ 27. Qxd1 Bf8 28. Qg4 Kh8 29. Qh5 Kg8 30. exf7+ Qxf7 31. Bh7+ 1-0

[Event "Heusenstamm Sparkassen op-A 6th"]
[Site "Heusenstamm"]
[Date "2019.11.22"]
[Round "3"]
[White "Haenselmann, Hendrik"]
[Black "Marzec, Witold"]
[Result "1/2-1/2"]
[WhiteElo "1848"]
[BlackElo "1711"]
[PlyCount "106"]
[EventDate "2019.11.21"]
[EventType "swiss"]
[EventRounds "7"]
[EventCountry "GER"]
[SourceTitle "CBM 194 Extra"]
[Source "ChessBase"]
[SourceDate "2020.03.31"]
[SourceVersion "1"]
[SourceVersionDate "2020.03.31"]
[SourceQuality "1"]

1. e4 c5 2. Nf3 d6 3. d4 cxd4 4. Nxd4 Nf6 5. Nc3 a6 6. a4 e5 7. Nf3 Be7 8. Bc4 0-0 9. 0-0 Nc6 10. Bg5 Bg4 11. Bxf6 Bxf6 12. Nd5 Nd4 13. Be2 Nxe2+ 14. Qxe2 Rc8 15. c3 Be6 16. Rfd1 Rc6 17. Rd3 Bxd5 18. Rxd5 Qb6 19. Rad1 Be7 20. Qc2 Rc5 21. Rxc5 Qxc5 22. Rd5 Qb6 23. Nd2 Rc8 24. Nf1 Bg5 25. a5 Qc7 26. Qd1 Be7 27. Ne3 g6 28. Qg4 Kh8 29. Rd3 Rf8 30. Nd5 Qd8 31. Qd1 Bg5 32. Nb6 Be7 33. Nc4 Qc7 34. b3 Rd8 35. Qd2 f6 36. Rh3 Bf8 37. Rf3 Kg7 38. Nb6 Be7 39. Qd5 Bf8 40. c4 Qf7 41. Qd2 Be7 42. Nd5 Rd7 43. h3 Rd8 44. b4 Rf8 45. Qc2 Qe8 46. Rg3 Qd7 47. b5 Kh8 48. Rf3 Kg7 49. bxa6 bxa6 50. Qb3 Bd8 51. Qb4 Rf7 52. Rd3 Qc6 53. Kf1 Rb7 1/2-1/2

[Event "Rheinland Pfalz op 10th"]
[Site "Nickenich"]
[Date "2018.05.31"]
[Round "1"]
[White "Marzec, Witold"]
[Black "Dgebuadze, Alexandre"]
[Result "0-1"]
[WhiteElo "1747"]
[BlackElo "2508"]
[PlyCount "74"]
[EventDate "2018.05.31"]
[EventType "swiss"]
[EventRounds "7"]
[EventCountry "GER"]
[SourceTitle "CBM 184 Extra"]
[Source "ChessBase"]
[SourceDate "2018.06.28"]
[SourceVersion "1"]
[SourceVersionDate "2018.06.28"]
[SourceQuality "1"]

1. c4 e6 2. Nc3 Bb4 3. d4 Nf6 4. a3 Bxc3+ 5. bxc3 d6 6. Nf3 b6 7. Bg5 Bb7 8. e3 Nbd7 9. Be2 h6 10. Bxf6 Nxf6 11. 0-0 0-0 12. Nd2 e5 13. d5 Qe7 14. e4 Rae8 15. Qc2 a5 16. Rae1 Bc8 17. a4 Rd8 18. Rd1 Bd7 19. Rde1 Be8 20. Bd1 Nd7 21. Nb3 Nb8 22. Nc1 Bd7 23. f4 exf4 24. Rxf4 Bc8 25. Qe2 Nd7 26. Nd3 Ne5 27. Nxe5 Qxe5 28. Qd2 Rde8 29. Rff1 Re7 30. Bc2 Rfe8 31. Rc1 Qh5 32. Bd3 Re5 33. Rf2 Bd7 34. Qc2 Qg5 35. Rcf1 R8e7 36. Qd2 Qxd2 37. Rxd2 Bxa4 0-1

[Event "Bad Zwesten op 17th"]
[Site "Bad Zwesten"]
[Date "2017.01.02"]
[Round "1"]
[White "Schroeder, Kevin"]
[Black "Marzec, Witold"]
[Result "1-0"]
[WhiteElo "2300"]
[BlackElo "1752"]
[PlyCount "85"]
[EventDate "2017.01.02"]
[EventType "swiss"]
[EventRounds "7"]
[EventCountry "GER"]
[SourceTitle "CBM 176 Extra"]
[Source "ChessBase"]
[SourceDate "2017.03.02"]
[SourceVersion "1"]
[SourceVersionDate "2017.03.02"]
[SourceQuality "1"]

1. Nf3 Nf6 2. c4 c5 3. g3 g6 4. Bg2 Bg7 5. 0-0 0-0 6. Nc3 Nc6 7. d4 cxd4 8. Nxd4 a6 9. c5 e5 10. Nb3 b5 11. Bg5 h6 12. Bxf6 Bxf6 13. Ne4 Rb8 14. Nd6 Be7 15. Qd2 Bxd6 16. Qxd6 Qe7 17. Rfd1 Qxd6 18. Rxd6 Ne7 19. Rad1 f5 20. e4 Kg7 21. Na5 Rf6 22. Rxf6 Kxf6 23. Rd6+ Kf7 24. exf5 gxf5 25. Bf3 e4 26. Bh5+ Kg7 27. Be8 Kf8 28. Bxd7 Bxd7 29. Rxd7 Rc8 30. b4 Nc6 31. Nxc6 Rxc6 32. Ra7 Ke8 33. Kf1 Rf6 34. Ke2 f4 35. a3 fxg3 36. hxg3 Re6 37. Ke3 Kf8 38. Rd7 Ke8 39. Rd6 Rxd6 40. cxd6 Kd7 41. Kxe4 Kxd6 42. f4 Ke6 43. g4 1-0

[Event "Heusenstamm Sparkassen op-A 2nd"]
[Site "Heusenstamm"]
[Date "2015.11.27"]
[Round "2"]
[White "Pawelzik, Malte"]
[Black "Marzec, Witold"]
[Result "1-0"]
[WhiteElo "2056"]
[BlackElo "1785"]
[PlyCount "57"]
[EventDate "2015.11.26"]
[EventType "swiss"]
[EventRounds "7"]
[EventCountry "GER"]
[SourceTitle "EXT 2018"]
[Source "ChessBase"]
[SourceDate "2017.10.13"]
[SourceVersion "1"]
[SourceVersionDate "2017.10.13"]
[SourceQuality "1"]

1. e4 c5 2. Nf3 d6 3. d4 cxd4 4. Nxd4 Nf6 5. Nc3 a6 6. Bg5 e6 7. f4 Be7 8. Qf3 Nbd7 9. 0-0-0 Qc7 10. g4 Nb6 11. Kb1 Bd7 12. h4 h6 13. Bxf6 Bxf6 14. g5 Be7 15. g6 f6 16. Bh3 Qc8 17. Rhe1 0-0 18. Qe2 Re8 19. Rd3 f5 20. exf5 exf5 21. Qf2 Nc4 22. Nd5 Qd8 23. Nxf5 Bxf5 24. Bxf5 Na5 25. Rde3 Nc6 26. Be6+ Kf8 27. Bf7 Qa5 28. c3 Rac8 29. Qe2 1-0

[Event "Wiesbaden op 26th"]
[Site "Wiesbaden"]
[Date "2014.08.31"]
[Round "6"]
[White "Krueger, Stefan"]
[Black "Marzec, Witold"]
[Result "1-0"]
[WhiteElo "1912"]
[BlackElo "1800"]
[PlyCount "77"]
[EventDate "2014.08.28"]
[EventType "swiss"]
[EventRounds "7"]
[EventCountry "GER"]
[SourceTitle "CBM 162 Extra"]
[Source "ChessBase"]
[SourceDate "2014.10.17"]
[SourceVersion "1"]
[SourceVersionDate "2014.10.17"]
[SourceQuality "1"]

1. d4 Nf6 2. c4 e6 3. Nc3 d5 4. cxd5 exd5 5. Bg5 Be7 6. e3 0-0 7. Bd3 h6 8. Bf4 c6 9. Nge2 Nbd7 10. Qc2 b5 11. h3 a6 12. 0-0 c5 13. a3 c4 14. Bf5 Nb6 15. Bxc8 Rxc8 16. f3 Bd6 17. Bxd6 Qxd6 18. e4 Qe7 19. e5 Nh7 20. f4 f5 21. Kh2 Qe6 22. Nd1 g6 23. Ne3 Rf7 24. Rf3 Nf8 25. g4 Nh7 26. gxf5 gxf5 27. Rg1+ Kh8 28. h4 Rcf8 29. Rfg3 Qe7 30. Kh3 a5 31. Nc3 Qd7 32. Qg2 Qd8 33. Nxb5 Rd7 34. Rg6 Nc8 35. Rxh6 Rb7 36. Nxd5 Rff7 37. Rg6 Nf8 38. Rg8+ Kh7 39. Rh8+ 1-0

[Event "Rheinland Pfalz op 6th"]
[Site "Gau Algesheim"]
[Date "2014.06.20"]
[Round "3"]
[White "Marzec, Witold"]
[Black "Schneider, Johannes"]
[Result "1/2-1/2"]
[WhiteElo "1800"]
[BlackElo "1989"]
[PlyCount "64"]
[EventDate "2014.06.19"]
[EventType "swiss"]
[EventRounds "7"]
[EventCountry "GER"]
[SourceTitle "CBM 161 Extra"]
[Source "ChessBase"]
[SourceDate "2014.08.29"]
[SourceVersion "1"]
[SourceVersionDate "2014.08.29"]
[SourceQuality "1"]

1. d4 d5 2. c4 e6 3. Nf3 Nf6 4. e3 c5 5. Be2 Nc6 6. 0-0 Bd7 7. Nc3 cxd4 8. exd4 Be7 9. Bg5 dxc4 10. Bxc4 h6 11. Bxf6 Bxf6 12. d5 Na5 13. dxe6 Bxe6 14. Bb5+ Nc6 15. Qa4 Qb6 16. Rad1 a6 17. Bxc6+ Qxc6 18. Qxc6+ bxc6 19. Nd4 Bxd4 20. Rxd4 Rd8 21. Ra4 0-0 22. Rc1 Rb8 23. b3 Rb6 24. Ne4 Rd8 25. Nc5 Bc8 26. h3 Rd5 27. Rac4 Rb8 28. Na4 Bd7 29. Nc3 Rd2 30. Ra4 Rb6 31. Ne4 Rd5 32. Nc5 Bc8 1/2-1/2

[Event "Rheinland Pfalz op 6th"]
[Site "Gau Algesheim"]
[Date "2014.06.19"]
[Round "1"]
[White "Marzec, Witold"]
[Black "Starostits, Ilmars"]
[Result "0-1"]
[WhiteElo "1800"]
[BlackElo "2464"]
[PlyCount "82"]
[EventDate "2014.06.19"]
[EventType "swiss"]
[EventRounds "7"]
[EventCountry "GER"]
[SourceTitle "CBM 161 Extra"]
[Source "ChessBase"]
[SourceDate "2014.08.29"]
[SourceVersion "1"]
[SourceVersionDate "2014.08.29"]
[SourceQuality "1"]

1. d4 Nf6 2. c4 e6 3. Nf3 b6 4. a3 Ba6 5. e3 d5 6. Nbd2 Bd6 7. Bd3 Bb7 8. Qc2 Nbd7 9. 0-0 c5 10. b3 cxd4 11. exd4 Rc8 12. Bb2 Nh5 13. Ne5 Nf4 14. f3 Nxd3 15. Nxd3 0-0 16. Qd1 Qh4 17. f4 dxc4 18. Nxc4 Bb8 19. Qe1 Qg4 20. Ne3 Qh5 21. Qd1 Qg6 22. Rf2 Nf6 23. Ne5 Qe4 24. Qf3 Qxf3 25. gxf3 Rfd8 26. f5 Nd5 27. Nxd5 Bxd5 28. fxe6 Bxe6 29. b4 f6 30. Ng4 Bf4 31. Re2 Bd5 32. Kg2 Re8 33. Rae1 Rxe2+ 34. Rxe2 Kf7 35. Nf2 g5 36. Nd3 Bd6 37. h3 h5 38. Ne1 g4 39. h4 gxf3+ 40. Nxf3 Rg8+ 41. Kf2 Bg3+ 0-1

[Event "Rheinland Pfalz op 6th"]
[Site "Gau Algesheim"]
[Date "2014.06.19"]
[Round "2"]
[White "Reitz, Theresa"]
[Black "Marzec, Witold"]
[Result "0-1"]
[WhiteElo "1484"]
[BlackElo "1800"]
[PlyCount "86"]
[EventDate "2014.06.19"]
[EventType "swiss"]
[EventRounds "7"]
[EventCountry "GER"]
[SourceTitle "CBM 161 Extra"]
[Source "ChessBase"]
[SourceDate "2014.08.29"]
[SourceVersion "1"]
[SourceVersionDate "2014.08.29"]
[SourceQuality "1"]

1. e4 c5 2. Nf3 d6 3. Bb5+ Bd7 4. Bxd7+ Qxd7 5. d3 Nc6 6. Bd2 e5 7. c3 Nf6 8. Na3 Be7 9. Nc4 0-0 10. 0-0 b5 11. Ne3 d5 12. exd5 Nxd5 13. Nxd5 Qxd5 14. Be3 f5 15. Bg5 Bxg5 16. Nxg5 Rad8 17. Qe1 h6 18. Nf3 Rde8 19. Qe2 a6 20. Rfd1 Qf7 21. Qe3 Qe7 22. Rd2 Rf6 23. Rad1 Re6 24. Ne1 Na5 25. Nc2 c4 26. h3 cxd3 27. Rxd3 Nc4 28. Qc1 f4 29. b3 Nd6 30. Nb4 Ne4 31. Rd7 Qh4 32. Qc2 Nf6 33. Ra7 e4 34. Rxa6 Rxa6 35. Nxa6 f3 36. Qd2 fxg2 37. Kxg2 Nh5 38. Qe3 Rf8 39. Rd2 Rf3 40. Qc5 Qxh3+ 41. Kg1 Nf4 42. Qd5+ Nxd5 43. Rxd5 e3 0-1

[Event "Rhein Main op-A 16th"]
[Site "Bad Homburg"]
[Date "2013.05.30"]
[Round "3"]
[White "Braunberger, Gerald"]
[Black "Marzec, Witold"]
[Result "1/2-1/2"]
[WhiteElo "1961"]
[BlackElo "1805"]
[PlyCount "63"]
[EventDate "2013.05.29"]
[EventType "swiss"]
[EventRounds "7"]
[EventCountry "GER"]
[SourceTitle "EXT 2014"]
[Source "ChessBase"]
[SourceDate "2013.11.20"]
[SourceVersion "1"]
[SourceVersionDate "2013.11.20"]
[SourceQuality "1"]

1. d4 Nf6 2. Nf3 e6 3. e3 d5 4. Bd3 c5 5. b3 cxd4 6. exd4 Be7 7. 0-0 Nc6 8. Bb2 Nb4 9. Be2 Ne4 10. a3 Nc6 11. Nbd2 f5 12. Ne5 Nxe5 13. dxe5 0-0 14. Nxe4 fxe4 15. Bd4 Bd7 16. f3 exf3 17. Rxf3 Rxf3 18. Bxf3 Qc7 19. b4 b5 20. Be2 Bg5 21. Bd3 Bh6 22. Qe2 a6 23. Rf1 Be8 24. Qg4 Bf7 25. Qf3 Rc8 26. Bc5 g6 27. Bd6 Qd7 28. Bc5 Bf8 29. Bd4 Bg7 30. Qf4 Rf8 31. Bc5 Rc8 32. Kh1 1/2-1/2

[Event "Norderstedt op"]
[Site "Norderstedt"]
[Date "2013.03.31"]
[Round "6"]
[White "Marzec, Witold"]
[Black "Lichtenberg, Ivan"]
[Result "1-0"]
[WhiteElo "1804"]
[BlackElo "1274"]
[PlyCount "97"]
[EventDate "2013.03.28"]
[EventType "swiss"]
[EventRounds "9"]
[EventCountry "GER"]
[SourceTitle "EXT 2015"]
[Source "ChessBase"]
[SourceDate "2014.11.20"]
[SourceVersion "1"]
[SourceVersionDate "2014.11.20"]
[SourceQuality "1"]

1. d4 Nf6 2. c4 e6 3. Nf3 Be7 4. Qc2 0-0 5. e3 d5 6. Bd3 dxc4 7. Bxc4 Nbd7 8. 0-0 Nb6 9. Bb3 Bd7 10. Nbd2 Rc8 11. Qd3 a6 12. a4 c5 13. Ne5 cxd4 14. exd4 Nbd5 15. Ndf3 Nb4 16. Qe2 Bc6 17. Nxc6 Rxc6 18. Re1 Qc7 19. Ne5 Rb6 20. Nc4 Rc6 21. Rb1 Rc8 22. g3 Rxc4 23. Bf4 Qc6 24. Bxc4 Qxc4 25. Rbc1 Qxc1 26. Rxc1 Rxc1+ 27. Bxc1 Nc6 28. Qc4 Nd5 29. Bd2 f6 30. f4 f5 31. h3 Kf7 32. g4 g6 33. b4 Ncxb4 34. Qc8 b6 35. Qh8 Bf6 36. Qxh7+ Bg7 37. g5 Nc2 38. Qh4 Nxd4 39. Qf2 Nc2 40. Qe2 Bd4+ 41. Kh1 a5 42. Qc4 Nde3 43. Bxe3 Bxe3 44. Qxc2 Bxf4 45. h4 Be5 46. Qc6 Bg3 47. Qd7+ Kf8 48. Qxe6 Bxh4 49. Qf6+ 1-0

[Event "Cologne Longerich op 09th"]
[Site "Cologne"]
[Date "2012.08.05"]
[Round "4"]
[White "Heyn, Peter"]
[Black "Marzec, Witold"]
[Result "0-1"]
[WhiteElo "1870"]
[BlackElo "1732"]
[PlyCount "72"]
[EventDate "2012.08.03"]
[EventType "tourn"]
[EventRounds "5"]
[EventCountry "GER"]
[SourceTitle "EXT 2017"]
[Source "ChessBase"]
[SourceDate "2016.10.25"]
[SourceVersion "1"]
[SourceVersionDate "2016.10.25"]
[SourceQuality "1"]

1. d4 Nf6 2. c4 e6 3. Nc3 d5 4. cxd5 exd5 5. Bg5 c6 6. Qc2 Bb4 7. e3 h6 8. Bh4 Qd6 9. Bd3 Bxc3+ 10. Qxc3 0-0 11. Nf3 Re8 12. a3 Ne4 13. Qc2 Nd7 14. Bg3 Qe7 15. Bxe4 dxe4 16. Ne5 Nxe5 17. Bxe5 f6 18. Bg3 Qe6 19. 0-0 Bd7 20. Rfc1 Rac8 21. b4 g5 22. Qc4 Qxc4 23. Rxc4 Be6 24. Rc3 Red8 25. Rac1 a6 26. f3 f5 27. Be5 Bd5 28. fxe4 Bxe4 29. a4 Rd5 30. a5 Rdd8 31. Rf1 g4 32. Bf4 h5 33. Rf2 Rd7 34. g3 Rcd8 35. Bg5 Rf8 36. Kf1 Kf7 0-1

[Event "Lingen op 4th"]
[Site "Lingen"]
[Date "2012.07.20"]
[Round "1"]
[White "Ljuboschiz, Alexander"]
[Black "Marzec, Witold"]
[Result "1-0"]
[WhiteElo "2166"]
[BlackElo "1857"]
[PlyCount "67"]
[EventDate "2012.07.20"]
[EventType "swiss"]
[EventRounds "5"]
[EventCountry "GER"]
[SourceTitle "EXT 2013"]
[Source "ChessBase"]
[SourceDate "2012.11.22"]
[SourceVersion "1"]
[SourceVersionDate "2012.11.22"]
[SourceQuality "1"]

1. e4 c5 2. Nf3 d6 3. d4 cxd4 4. Nxd4 Nf6 5. Nc3 a6 6. Be2 e5 7. Nb3 Be7 8. 0-0 0-0 9. Be3 b5 10. a4 b4 11. Nd5 Nc6 12. Bb6 Qd7 13. f3 Nxd5 14. exd5 Bd8 15. Be3 Na5 16. Nxa5 Bxa5 17. f4 f6 18. fxe5 fxe5 19. Rxf8+ Kxf8 20. Bd3 Kg8 21. Qh5 g6 22. Qf3 Qf7 23. Qe2 Kg7 24. Rf1 Qe7 25. Qd2 Bb7 26. Bg5 Qd7 27. Bf6+ Kg8 28. Qh6 Bb6+ 29. Kh1 Bxd5 30. Qg5 Rf8 31. Bxg6 Rxf6 32. Bf7+ Kxf7 33. Qxf6+ Kg8 34. Qf8# 1-0

[Event "Rheinland Pfalz op 4th"]
[Site "Altenkirchen"]
[Date "2012.06.10"]
[Round "7"]
[White "Dekan, Hans"]
[Black "Marzec, Witold"]
[Result "1-0"]
[WhiteElo "2163"]
[BlackElo "1869"]
[PlyCount "77"]
[EventDate "2012.06.07"]
[EventType "swiss"]
[EventRounds "7"]
[EventCountry "GER"]
[SourceTitle "CBM 148 Extra"]
[Source "ChessBase"]
[SourceDate "2012.06.22"]
[SourceVersion "1"]
[SourceVersionDate "2012.06.22"]
[SourceQuality "1"]

1. e4 c5 2. Nf3 d6 3. d4 cxd4 4. Nxd4 Nf6 5. Nc3 a6 6. Be2 e5 7. Nb3 Be7 8. 0-0 0-0 9. Bg5 Nbd7 10. Qd2 Nc5 11. Bxf6 Bxf6 12. Rad1 Be7 13. Bc4 Nxb3 14. Bxb3 Be6 15. f4 Bxb3 16. axb3 Re8 17. Nd5 Bf8 18. f5 f6 19. Rf3 Rc8 20. Rg3 Kh8 21. Rf1 Rc6 22. Rff3 Qc8 23. c3 Qd7 24. Rg4 Qf7 25. Rh3 Rd8 26. Rgh4 h6 27. Rg4 Rd7 28. Rg6 b5 29. g4 a5 30. Rg3 Ra6 31. h4 Raa7 32. g5 fxg5 33. hxg5 Rab7 34. gxh6 gxh6 35. Rf6 Qe8 36. Rfg6 Rf7 37. Nf6 Rxf6 38. Rxf6 a4 39. Rxh6+ 1-0